Biggest Cities in Countries that Start with N - Statistics

General Stats
  • This quiz has been taken 84 times
  • The average score is 10 of 18
Answer Stats
Population City % Correct
17,100,000 Lagos
96%
1,140,000 Oslo
96%
1,340,000 Managua
81%
2,850,000 Pyongyang
81%
2,850,000 Abuja
78%
1,470,000 Auckland
78%
2,375,000 Amsterdam
74%
2,775,000 Kathmandu
74%
1,120,000 Niamey
71%
3,100,000 Rotterdam
71%
4,125,000 Kano
54%
3,150,000 Ibadan
46%
2,075,000 Port Harcourt
30%
1,480,000 Benin City
26%
1,680,000 Kaduna
13%
1,070,000 Onitsha
7%
1,040,000 Aba
6%
1,060,000 Maiduguri
4%
No matching quizzes found
Score Distribution
Percent of People with Each Score
Percentile by Number Answered
Your Score History
You have not taken this quiz